Responses for Show #4233 - Wednesday, January 15, 2003

Contestants

[<< previous game]

Boyd Morrison, a video game user testing manager from Seattle, Washington

Diane Eads, an instructional designer from Salem, Oregon

Kathleen Ellis, a registered nurse from Red Oak, Texas (whose 3-day cash winnings total $78,501)

[next game >>]

Jeopardy! Round responses

THE BODY HUMAN
MISHEARD LYRICS
BIBLICAL ZOO
HAIR TODAY
RANKS & MEASURES
"J" WALKING
    $200 1
fingertips

Boyd
    $200 13
"You Can't Always Get What You Want"

Boyd
    $200 6
stubble

Kathleen
    $200 10
the Constitution

Boyd
    $200 21
the jackpot

Boyd
    $400 2
(Diane: What are tastes?)
(Kathleen: What are humours?)

smells/odors

KathleenDianeBoyd
    $400 16
"Rhinestone Cowboy"

Kathleen
    $400 7
wax

Kathleen
    $400 11
decibel scale

Kathleen
    $400 22
Johnny Bravo

Triple Stumper
    $600 3
elbow

Diane
    $600 17
"She's My Little Deuce Coupe"

Boyd
    $600 28
[The end-of-round signal sounds.]

ostrich

Boyd
    $600 8
dreadlocks

Boyd
    $600 12
(Diane: What is 20 pounds?)

16 pounds

Diane
Triple Stumper
    $600 23
Jet Propulsion Laboratory (JPL)

Diane
    $800 4
(Diane: What is the inner ear?)

cerebellum

Diane
Triple Stumper
    $800 18
"Panama"

Kathleen
    $800 27
goats

Triple Stumper
    $800 9
stropping

Triple Stumper
    $800 14
trillion

Boyd
    $800 24
(Alex: With less than a minute now.)

jerkin

Triple Stumper
    $1,000 5
(Diane: What is a tendon?)

cardiac muscle

Diane
    $1000 19
"Viva Las Vegas"

Boyd
    $1000 26
moths

Triple Stumper
    $1000 20
minoxidil

Boyd
    $1000 15
Brahmins

Kathleen
    $1000 25
Jordan

Boyd

Scores at the first commercial break (after clue 15):

Kathleen Diane Boyd
$1,600 -$2,200 $2,400

Scores at the end of the Jeopardy! Round:

Kathleen Diane Boyd
$2,800 -$1,600 $6,800

Double Jeopardy! Round responses

SUPREME COURT JUSTICES
ROME-ANTIC MOVIES
BODIES OF WATER
CARRIERS
AMERICAN LIT
FIND THE BIRTHSTONE
(Alex: And the correct response will be found within each clue; it might be a hidden word, it might be an acronym, an anagram, so be careful of that.)
    $400 8
John Jay

Kathleen
    $400 17
Cleopatra

Boyd
    $400 15
(Boyd: What is the English Channel?)

Strait of Dover

Boyd
Triple Stumper
    $400 3
lifeboats

Kathleen
    $400 2
Edgar Rice Burroughs

Boyd
    $400 1
ruby (bury)

Kathleen
    $800 9
(Diane: Who is Marshall?)
(Alex: Be more specific.)
(Diane: I knew you were going to say that... who is James Marshall?)

John Marshall

KathleenDiane
    $800 19
Vivien Leigh

Diane
    $800 16
(Kathleen: Who is Cabot?)

Sir Francis Drake

KathleenDiane
    $800 4
O. Henry (William Sydney Porter)

Kathleen
    $800 13
amethyst (in game thy stone)

Kathleen
    $1200 10
(Diane: Who is George Washington?)

Roger Taney

Diane
Triple Stumper
    $1200 20
Roman Holiday

Boyd
    $1200 18
Gulf of Thailand

Diane
    $1200 5
James Baldwin

Triple Stumper
    $1200 14
garnets (Sargent, strange)

Boyd
    $3,600 11
Oliver Wendell Holmes, Jr.

Kathleen
    $1600 21
Gloria Stuart

Boyd
    $1600 23
(Kathleen: What is Lake Victoria?)

Lake Tanganyika

Kathleen
Triple Stumper
    $4,000 6
(Kathleen: What is Frost?)

Benet

Kathleen
    $2000 12
Potter Stewart

Triple Stumper
    $2000 22
(Boyd: What is Three Coins in the Fountain?)
...
(Alex: We have less than a minute to go now.)

La Dolce Vita

Boyd
Triple Stumper
    $2000 24
(Diane: What is the Tigris?)

Tagus

Diane
Triple Stumper
    $2000 25
[The end-of-round signal sounds.]

Hermes

Boyd
    $2000 7
Shirley Jackson

Kathleen

Scores at the end of the Double Jeopardy! Round:

Kathleen Diane Boyd
$5,600 -$2,800 $11,200
(lock-tie game)

[wagering suggestions for these scores]

Final Jeopardy! Round responses

18th CENTURY NAMES
(Alex: "The Father of Modern Chemistry"; did you notice the chemist-type equipment in the painting as well?)
KathleenWho was de Tocqueville?
$5,600
BoydWho is Pasteur?
$0
Antoine Lavoisier

Final scores:

Kathleen Diane Boyd
$0 -$2,800 $11,200
2nd place: $2,000 3rd place: $1,000 New champion: $11,200

Game dynamics:

Coryat scores:

Kathleen Diane Boyd
$7,600 -$1,800 $11,200
14 R
(including 1 DD),
4 W
(including 1 DD)
5 R,
7 W
(including 1 DD)
18 R,
2 W

Combined Coryat: $17,000

[game clues] [game scores] [suggest correction]

Game tape date: 2002-10-22
The J! Archive is created by fans, for fans. Scraping, republication, monetization, and malicious use prohibited; this site may use cookies and collect identifying information. See terms. The Jeopardy! game show and all elements thereof, including but not limited to copyright and trademark thereto, are the property of Jeopardy Productions, Inc. and are protected under law. This website is not affiliated with, sponsored by, or operated by Jeopardy Productions, Inc. Join the discussion at JBoard.tv.